|
|
|
|
| LEADER |
00000nam a22000007a 4500 |
| 005 |
20220801222958.0 |
| 007 |
cr|||| |||| |
| 008 |
220801s2021 es |||||s|||| 00||0 spa d |
| 020 |
|
|
|a 978-84-1122-208-2
|
| 035 |
|
|
|a 36491
|
| 040 |
|
|
|a vLex
|
| 090 |
|
|
|c 13657
|d 13657
|
| 100 |
1 |
|
|a LLed ̤Yagüe, Francisco
|
| 245 |
1 |
3 |
|a Las relaciones patrimoniales entre cn̤yuges y parejas convivientes en los derechos civiles autonm̤icos
|h [Recurso electrn̤ico] /
|c Francisco LLed ̤Yagüe, Oscar Monje Balmaseda, Mara̕ Pilar Ferrer Vanrell
|
| 256 |
|
|
|a Servicio en ln̕ea
|
| 260 |
|
|
|a Madrid:
|b Dykinson,
|c 2021
|
| 300 |
|
|
|a 1 recurso electrn̤ico
|
| 500 |
|
|
|a Esta obra colectiva que el abogado, el notario, el juez, o cualquier estudioso del derecho consulte, es el resultado del trabajo serio y riguroso de un grupo de profesores universitarios, acadm̌icos, notarios, miembros de la carrera judicial, registradores de la propiedad, entre otros expertos, que han comentado la materia con rigor jurd̕ico y prc̀tico, para que pueda constituirse en una obra t︢il. Por esta razn̤, se ha incluido un apartado, en cada uno de los distintos derechos civiles territoriales, con las sentencias ms̀ importantes y su comentario, a cargo de un miembro de la carrera judicial.
|
| 506 |
1 |
|
|a Disponible solo en los productos indicados
|d vLex Global
|d vLex Global (Academic Edition, excluding Law Schools)
|d vLex Global (U.S. Academic Edition, Law Schools)
|d vLex Global (U.S. Academic Edition, excluding Law Schools)
|d vLex Global (Academic Edition, Law Schools)
|
| 650 |
0 |
4 |
|a Derecho Civil
|z Espaą
|
| 650 |
0 |
4 |
|a Familia y Sucesiones
|z Espaą
|
| 700 |
1 |
|
|a Monje Balmaseda, Oscar
|
| 700 |
1 |
|
|a Ferrer Vanrell, Mara̕ Pilar
|
| 740 |
0 |
|
|a vLex Libros (Servicio en ln̕ea)
|
| 856 |
4 |
0 |
|u https://app.vlex.com/#/sources/36491
|z Acceso restringido
|
| 942 |
|
|
|c BOOK
|
| 999 |
0 |
|
|a Civil Law
|
| 999 |
0 |
|
|a Family and Inheritance
|